000 00913nam a2200265 a 4500
001
003 DO-SdBNP
005 20220408134625.0
008 110407s2010 dr ad 001 0 spa d
040 _aDO-SdBNP
_bspa
_cBPMSU
082 _a028.9
_bM294p 2010
_222
245 0 0 _aManual de promoción y fomento de la lectura /
_cedición Pedro Pablo Fernández,
260 _aSanto Domingo :
_bBiblioteca Nacional Pedro Heríquez Ureña,
_c2010.
300 _a67 p. :
_bil., tabls. ;
_c21 cm.
500 _aIncluye glosario.
504 _aBibliografía: p. 46-48.
590 _aInventariado,2022/VM
650 4 _aPromoción de la lectura
650 4 _aLibros y lectura
_vManuales.
650 4 _aLectura
_xEnseñanza primaria
_vManuales.
700 1 _aFernández, Pedro Pablo
_eeditor
710 2 _aBiblioteca Nacional Pedro Henríquez Ureña (República Dominicana)
910 _aVMateo V.
942 _2ddc
_cBK
999 _c14155
_d14155